000 00624nam a22001937a 4500
005 20251108170123.0
008 250721s1996 xx 000 0 ara d
082 1 4 _aم/216.7/ذهب
100 1 _aالذهبي، شمس الدين أبو عبد الله ... الشافعي
_eمؤلف
245 1 0 _aتهذيب كتاب الكبائر /
264 1 _aعمان :
_bالمكتبة الإسلامية،
_c1996.
300 _a248ص.
650 1 7 _aالكبائر
650 1 7 _aالإسلام
650 1 7 _aالشريعة الإسلامية
700 1 _aعبد المنان، حسان
942 _2ddc
_cREF
999 _c40215
_d40215